The crossing /

Bibliographic Details
Main Author: Hager, Mandy
Format: Book
Language:English
Published: Auckland, N.Z. : Random House New Zealand, 2009.
Series:Hager, Mandy. Blood of the lamb ; bk. 1.
Subjects:

MARC

Tag First Indicator Second Indicator Subfields
LEADER 00000cam a2200000Ia 4500
001 in00002591981
005 20151201153334.0
008 090421s2009 nz d 000 f eng d
020 |a 9781869791506 (pbk.) 
020 |a 1869791509 (pbk.) 
029 0 |a NZ1  |b 12868765 
029 1 |a AU@  |b 000044566734 
035 |a (OCoLC)ocn351551692 
035 |a (OCoLC)351551692 
040 |a Nz  |c NZWAK  |d YDXCP  |d TEF  |d UtOrBLW 
049 |a TXAM 
050 4 |a PR9639.3.H34  |b C76 2009 
082 0 4 |a NZ823.2  |2 22 
100 1 |a Hager, Mandy. 
245 1 4 |a The crossing /  |c Mandy Hager. 
263 |a 0907 
264 1 |a Auckland, N.Z. :  |b Random House New Zealand,  |c 2009. 
300 |a 288 pages ;  |c 20 cm. 
336 |a text  |b txt  |2 rdacontent 
337 |a unmediated  |b n  |2 rdamedia 
338 |a volume  |b nc  |2 rdacarrier 
490 1 |a Blood of the lamb ;  |v bk. 1 
650 1 |a End of the world  |v Fiction. 
650 1 |a Survival  |v Fiction. 
650 1 |a Social control  |v Fiction. 
650 1 |a Islands  |v Fiction. 
655 0 |a Young adult fiction, New Zealand. 
800 1 |a Hager, Mandy.  |t Blood of the lamb ;  |v bk. 1. 
938 |a YBP Library Services  |b YANK  |n 3312851 
945 |a PromptCat  |b 42054 
946 |a curr 
947 |a A14840210341 
994 |a 92  |b TXA 
948 |a Cataloged  |b h  |c 2010/8/6  |d c  |e ibarton 
999 |a MARS 
999 f f |s 83b08ef3-e8f6-3d46-965f-3b677a2d48bb  |i 899c63e9-a58f-3f43-a48a-30abca924e1c  |t 0 
952 f f |p ric  |a Texas A&M University  |b Rellis Campus  |c Joint Library Facility  |d Remote Storage  |t 0  |e PR9639.3.H34 C76 2009  |h Library of Congress classification  |i unmediated -- volume  |m A14840210341 
998 f f |a PR9639.3.H34 C76 2009  |t 0  |l Remote Storage